Turistická funkcia vybraných slovenských miest

Pre efektívny rozvoj cestovného ruchu pri zachovaní princípov trvalo udržateľného rozvoja je nevyhnutné trvalé sledovanie vývoja hodnôt, aby sa zabezpečili objektívne údaje pre subjekty verejnej správy o zaťaženosti konkrétnych lokalít a intenzity ich využívania návštevníkmi. Vypracovanie a previaza...

Full description

Saved in:
Bibliographic Details
Main Author: Fodranová, Iveta, 1959-
Format: Book Chapter
Language:Slovak
Subjects:
Tags: Add Tag
No Tags, Be the first to tag this record!

MARC

LEADER 00000nla a2200000 4500
001 0213263
005 20240502073542.3
041 0 |a slo 
044 |a SK 
245 1 0 |a Turistická funkcia vybraných slovenských miest  |c Iveta Fodranová 
520 |a Pre efektívny rozvoj cestovného ruchu pri zachovaní princípov trvalo udržateľného rozvoja je nevyhnutné trvalé sledovanie vývoja hodnôt, aby sa zabezpečili objektívne údaje pre subjekty verejnej správy o zaťaženosti konkrétnych lokalít a intenzity ich využívania návštevníkmi. Vypracovanie a previazanie environmentálnych, ekonomických a sociálnych faktorov do praxe. 
610 2 0 |a ruch cestovný 
610 2 0 |a turistika 
610 2 0 |a politika ruchu cestovného 
610 2 0 |a služby doplnkové 
610 2 0 |a strediská ruchu cestovného 
610 2 0 |a kvalita služieb 
610 2 0 |a environmentalistika 
100 1 |a Fodranová, Iveta, 1959-